[Event "Ruhrgebiet Verbandsliga Gruppe 2 1819"]
[Site "Nordrheinwestfalen"]
[Date "2018.11.04"]
[Round "3"]
[White "Brockmann, Fabian"]
[Black "Stahlhofen, Thomas"]
[Result "1/2-1/2"]
[WhiteElo "2400"]
[BlackElo "2400"]
[PlyCount "130"]
[EventDate "2018.09.23"]
[EventType "team-tourn"]
[EventRounds "9"]
[EventCountry "GER"]
[SourceTitle "EXT 2022"]
[Source "ChessBase"]
[SourceDate "2021.10.06"]
[SourceVersion "1"]
[SourceVersionDate "2021.10.06"]
[SourceQuality "1"]
[WhiteTeam "Dortmund SV"]
[BlackTeam "Recklinghausen Sued"]
[WhiteTeamCountry "GER"]
[BlackTeamCountry "GER"]

1. e4 c5 2. b3 d6 3. Bb2 Nc6 4. Bb5 Bd7 5. f4 e6 6. Nf3 Nf6 7. d3 Be7 8. 0-0 Qb6 9. c4 0-0 10. Bxc6 Bxc6 11. Qe2 Rfe8 12. e5 Nd7 13. exd6 Bxd6 14. Ng5 h6 15. Ne4 Bxe4 16. dxe4 Be7 17. Nc3 Rad8 18. Qg4 Nf6 19. Qe2 Qc6 20. Rfd1 Rxd1+ 21. Rxd1 Rd8 22. Rxd8+ Bxd8 23. e5 Nd7 24. Ne4 Bc7 25. Qd3 a6 26. Bc1 Nb8 27. Be3 b6 28. a4 a5 29. Kf2 Qd7 30. Ke2 Kf8 31. Nc3 Qxd3+ 32. Kxd3 Nc6 33. Ne4 Ke7 34. Kc3 f6 35. exf6+ gxf6 36. Ng3 f5 37. Kd3 Nd4 38. Bxd4 cxd4 39. Ne2 Kf6 40. g3 h5 41. Kxd4 Bd6 42. Kc3 Bb4+ 43. Kd3 Bd6 44. Ke3 Bc5+ 45. Kf3 Kf7 46. Nc1 Kf6 47. Nd3 Bd6 48. Kg2 Kg7 49. Kf3 Kf6 50. Ke3 Ke7 51. Kd4 Bc7 52. c5 Kd7 53. cxb6 Bxb6+ 54. Kc4 Bg1 55. Ne5+ Kc7 56. Nf3 Bb6 57. Kb5 Kb7 58. b4 axb4 59. a5 Be3 60. Kxb4 Ka6 61. Ng5 e5 62. Ne6 e4 63. Ng7 Bg1 64. Nxf5 Bxh2 65. Kc4 h4 1/2-1/2

[Event "Ruhrgebiet Regionalliga 1617"]
[Site "Germany"]
[Date "2017.02.05"]
[Round "6.8"]
[White "Brockmann, Fabian"]
[Black "Dette, Jan"]
[Result "1/2-1/2"]
[WhiteElo "1976"]
[BlackElo "1969"]
[PlyCount "57"]
[EventDate "2016.09.11"]
[EventType "team-tourn"]
[EventRounds "9"]
[EventCountry "GER"]
[SourceTitle "EXT 2022"]
[Source "ChessBase"]
[SourceDate "2021.10.06"]
[SourceVersion "1"]
[SourceVersionDate "2021.10.06"]
[SourceQuality "1"]
[WhiteTeam "Dortmund SV"]
[BlackTeam "Katernberg SF III"]
[WhiteTeamCountry "GER"]
[BlackTeamCountry "GER"]

1. e4 e5 2. Nc3 Nf6 3. g3 Bc5 4. Bg2 Nc6 5. d3 d6 6. Na4 Bb6 7. Nxb6 axb6 8. Ne2 Be6 9. c4 h6 10. b3 Qd7 11. d4 Bg4 12. f3 Bh3 13. 0-0 Bxg2 14. Kxg2 0-0 15. Be3 Ra6 16. Qd2 Ne7 17. g4 c5 18. d5 Nh7 19. h4 b5 20. Ng3 bxc4 21. bxc4 Rfa8 22. Nh5 g6 23. Ng3 Qa4 24. Rfc1 Qb4 25. Qe2 Kg7 26. Rcb1 Qc3 27. Bd2 Qd4 28. Be3 Qc3 29. Bd2 1/2-1/2

[Event "Ruhrgebiet Verbandsliga1 1213"]
[Site "Nordrheinwestfalen"]
[Date "2013.04.28"]
[Round "9.7"]
[White "Sanftenschneider, Hans Werner"]
[Black "Brockmann, Fabian"]
[Result "0-1"]
[WhiteElo "1716"]
[BlackElo "1902"]
[PlyCount "42"]
[EventDate "2012.09.02"]
[EventType "team-tourn"]
[EventRounds "9"]
[EventCountry "GER"]
[SourceTitle "EXT 2020"]
[Source "ChessBase"]
[SourceDate "2019.10.17"]
[SourceVersion "1"]
[SourceVersionDate "2019.10.17"]
[SourceQuality "1"]
[WhiteTeam "Bochum SV II"]
[BlackTeam "Dortmund Hansa III"]
[WhiteTeamCountry "GER"]
[BlackTeamCountry "GER"]

1. Nf3 c5 2. e3 g6 3. Be2 Bg7 4. 0-0 Nf6 5. d4 Qc7 6. c3 0-0 7. Nbd2 d5 8. Re1 Nbd7 9. Bf1 e5 10. dxe5 Nxe5 11. Nxe5 Qxe5 12. Nf3 Qc7 13. Rb1 Bd7 14. Qc2 Rfe8 15. b3 Bf5 16. Bd3 Ne4 17. c4 dxc4 18. Qxc4 Rad8 19. Qc2 Rxd3 20. Qxd3 Nc3 21. e4 Rxe4 0-1

[Event "Ruhrgebiet Verbandsliga1 1213"]
[Site "Nordrheinwestfalen"]
[Date "2013.02.03"]
[Round "6.7"]
[White "Homberger, Dietrich"]
[Black "Brockmann, Fabian"]
[Result "1/2-1/2"]
[WhiteElo "1852"]
[BlackElo "1902"]
[PlyCount "39"]
[EventDate "2012.09.02"]
[EventType "team-tourn"]
[EventRounds "9"]
[EventCountry "GER"]
[SourceTitle "EXT 2020"]
[Source "ChessBase"]
[SourceDate "2019.10.17"]
[SourceVersion "1"]
[SourceVersionDate "2019.10.17"]
[SourceQuality "1"]
[WhiteTeam "Dortmund SV"]
[BlackTeam "Dortmund Hansa III"]
[WhiteTeamCountry "GER"]
[BlackTeamCountry "GER"]

1. e4 c5 2. Nf3 g6 3. d4 cxd4 4. Nxd4 Bg7 5. c4 Nc6 6. Be3 Nf6 7. Nc3 Ng4 8. Qxg4 Nxd4 9. Qd1 e5 10. Bd3 0-0 11. 0-0 d6 12. Qd2 Be6 13. b3 f5 14. f4 Rc8 15. Rad1 Qa5 16. Bxd4 exd4 17. Nb5 Qb6 18. exf5 Bxf5 19. Bxf5 Rxf5 20. Kh1 1/2-1/2

[Event "Ruhrgebiet Verbandsliga1 1011"]
[Site "Nordrheinwestfalen"]
[Date "2010.09.12"]
[Round "1.5"]
[White "Schroeder, Wilfried"]
[Black "Brockmann, Fabian"]
[Result "1-0"]
[WhiteElo "2056"]
[BlackElo "1899"]
[PlyCount "107"]
[EventDate "2011.09.12"]
[EventType "team-tourn"]
[EventRounds "9"]
[EventCountry "GER"]
[SourceTitle "EXT 2020"]
[Source "ChessBase"]
[SourceDate "2019.10.17"]
[SourceVersion "1"]
[SourceVersionDate "2019.10.17"]
[SourceQuality "1"]
[WhiteTeam "Wattenscheid SV"]
[BlackTeam "Dortmund Hansa III"]
[WhiteTeamCountry "GER"]
[BlackTeamCountry "GER"]

1. d4 c5 2. e3 Nf6 3. Nf3 g6 4. c4 Bg7 5. Nc3 0-0 6. Be2 e6 7. 0-0 d6 8. b3 b6 9. Bb2 Bb7 10. Ne1 a6 11. Bf3 Qc7 12. Nd3 Nbd7 13. Qe2 Rad8 14. Rad1 Qb8 15. Rd2 Qa8 16. Bxb7 Qxb7 17. Rfd1 Rfe8 18. a3 cxd4 19. exd4 Rc8 20. a4 d5 21. Ne5 Nxe5 22. dxe5 Nd7 23. cxd5 Nxe5 24. d6 Nd7 25. Ne4 Bxb2 26. Rxb2 f5 27. Ng5 e5 28. h4 h6 29. Nf3 e4 30. Nd4 e3 31. h5 Qe4 32. Qxe3 Kg7 33. Qxe4 Rxe4 34. hxg6 Kxg6 35. f3 Re5 36. Kf2 Rd5 37. Rbd2 Rxd6 38. Nxf5 Rxd2+ 39. Rxd2 Kxf5 40. Rxd7 Rc3 41. g4+ Ke6 42. Rh7 Rxb3 43. Rxh6+ Kf7 44. Kg3 a5 45. g5 Rb4 46. f4 Rxa4 47. Rxb6 Ra1 48. Kg4 a4 49. Kf5 a3 50. Rb7+ Ke8 51. Ra7 a2 52. g6 Kd8 53. g7 Rg1 54. Kf6 1-0

[Event "Ruhrgebiet Regionalliga 0910"]
[Site "Germany"]
[Date "2010.02.07"]
[Round "6.7"]
[White "Daus, Peter"]
[Black "Brockmann, Fabian"]
[Result "1/2-1/2"]
[WhiteElo "2159"]
[BlackElo "2115"]
[PlyCount "51"]
[EventDate "2009.09.06"]
[EventType "team-tourn"]
[EventRounds "9"]
[EventCountry "GER"]
[SourceTitle "EXT 2011"]
[Source "ChessBase"]
[SourceDate "2010.11.26"]
[SourceVersion "1"]
[SourceVersionDate "2010.11.26"]
[SourceQuality "1"]
[WhiteTeam "Essen Ueberruhr"]
[BlackTeam "Dortmund Hansa III"]
[WhiteTeamCountry "GER"]
[BlackTeamCountry "GER"]

1. d4 c5 2. d5 Nf6 3. c4 b5 4. cxb5 a6 5. b6 d6 6. Nc3 g6 7. e4 Bg7 8. Nf3 Nbd7 9. a4 a5 10. Nd2 Nxb6 11. Be2 0-0 12. 0-0 Bb7 13. Nc4 Nxc4 14. Bxc4 Ba6 15. Bxa6 Rxa6 16. Qe2 Ra7 17. Nb5 Rb7 18. Rb1 Qb6 19. b3 Qa6 20. Qc2 Nd7 21. Bd2 Rc8 22. Na3 Nb6 23. Rfc1 Rcb8 24. Nb5 Rc8 25. Na3 Rcb8 26. Nb5 1/2-1/2

[Event "Ruhrgebiet Regionalliga 0910"]
[Site "Germany"]
[Date "2009.12.13"]
[Round "4.6"]
[White "Brockmann, Fabian"]
[Black "Bartel, Mario"]
[Result "0-1"]
[WhiteElo "2115"]
[BlackElo "2143"]
[PlyCount "100"]
[EventDate "2009.09.06"]
[EventType "team-tourn"]
[EventRounds "9"]
[EventCountry "GER"]
[SourceTitle "EXT 2011"]
[Source "ChessBase"]
[SourceDate "2010.11.26"]
[SourceVersion "1"]
[SourceVersionDate "2010.11.26"]
[SourceQuality "1"]
[WhiteTeam "Dortmund Hansa III"]
[BlackTeam "Wattenscheid III"]
[WhiteTeamCountry "GER"]
[BlackTeamCountry "GER"]

1. e4 e5 2. Nf3 Nc6 3. Nc3 Nf6 4. a3 d5 5. exd5 Nxd5 6. d4 exd4 7. Nxd4 Nxc3 8. bxc3 Bc5 9. Be3 Qf6 10. Bd3 Bd7 11. 0-0 Ne5 12. Nb5 Qb6 13. Bf4 Bxb5 14. Bxe5 Bxd3 15. cxd3 0-0 16. d4 Bd6 17. Bxd6 Qxd6 18. Qb3 b6 19. Rae1 Rfe8 20. Rxe8+ Rxe8 21. Qa4 Rd8 22. Qxa7 Qc6 23. Rc1 Ra8 24. d5 Rxa7 25. dxc6 Rxa3 26. Kf1 g6 27. Ke2 Ra5 28. Rd1 Re5+ 29. Kf3 Rc5 30. Rd3 Rxc6 31. Ke4 Re6+ 32. Kf4 Kg7 33. g4 h6 34. h4 Rc6 35. Ke3 Rc4 36. f4 Kf6 37. g5+ hxg5 38. hxg5+ Ke6 39. Kf3 Rc5 40. Re3+ Kd6 41. Kg4 b5 42. Rd3+ Rd5 43. Rf3 c5 44. Re3 b4 45. cxb4 cxb4 46. Re8 Rb5 47. Kf3 b3 48. Rd8+ Ke6 49. Rd1 b2 50. Rb1 Kf5 0-1

[Event "Ruhrgebiet VK3 0405"]
[Site "Ruhrgebiet"]
[Date "2005.04.10"]
[Round "9.5"]
[White "Gierse, Heinz Dieter"]
[Black "Brockmann, Fabian"]
[Result "1-0"]
[WhiteElo "1888"]
[BlackElo "1970"]
[PlyCount "59"]
[EventDate "2004.09.12"]
[EventType "team"]
[EventRounds "9"]
[EventCountry "GER"]
[SourceTitle "EXT 2006"]
[Source "ChessBase"]
[SourceDate "2005.11.24"]
[SourceVersion "1"]
[SourceVersionDate "2005.11.24"]
[SourceQuality "1"]
[WhiteTeam "Bottrop"]
[BlackTeam "Dortmund Hansa III"]
[WhiteTeamCountry "GER"]
[BlackTeamCountry "GER"]

1. Nf3 g6 2. g3 Bg7 3. Bg2 c5 4. d3 Nc6 5. 0-0 e5 6. e4 Nge7 7. c3 0-0 8. Be3 d6 9. Qd2 b6 10. Na3 d5 11. exd5 Nxd5 12. Bh6 Nc7 13. Bxg7 Kxg7 14. Rfe1 f6 15. Rad1 Rb8 16. d4 exd4 17. cxd4 cxd4 18. Qc1 Bb7 19. Nxd4 Nxd4 20. Rxd4 Qxd4 21. Qxc7+ Kg8 22. Bxb7 Rbe8 23. Re7 Rxe7 24. Qxe7 Rf7 25. Qe6 Kg7 26. Bd5 Rc7 27. Nc4 b5 28. Nd6 Kh6 29. Qh3+ Kg7 30. Ne8+ 1-0

[Event "Kiel op 17th"]
[Site "Kiel"]
[Date "2004.07.24"]
[Round "2"]
[White "Brockmann, Fabian"]
[Black "Petrosian, Suren"]
[Result "0-1"]
[WhiteElo "2106"]
[BlackElo "2395"]
[PlyCount "56"]
[EventDate "2004.07.24"]
[EventType "swiss"]
[EventRounds "9"]
[EventCountry "GER"]
[SourceTitle "CBM 101 Extra"]
[Source "ChessBase"]
[SourceDate "2004.09.01"]
[SourceVersion "2"]
[SourceVersionDate "2004.09.01"]
[SourceQuality "1"]

1. e4 c5 2. b3 Nf6 3. e5 Nd5 4. Bb2 Nc6 5. Nf3 e6 6. Bb5 b6 7. Bxc6 dxc6 8. 0-0 a5 9. Nc3 Ba6 10. d3 Nxc3 11. Bxc3 a4 12. Nd2 Be7 13. Ne4 0-0 14. Qg4 b5 15. Rad1 Bc8 16. Bd2 Kh8 17. Qh5 axb3 18. axb3 Ra2 19. Rc1 c4 20. Bg5 f6 21. exf6 gxf6 22. Bh6 Rg8 23. dxc4 bxc4 24. Qf7 Ra5 25. bxc4 Rg6 26. Rcd1 Qg8 27. Qxe7 Rxg2+ 28. Kh1 Rxh2+ 0-1

[Event "Ruhrgebiet VK2 0304"]
[Site "Ruhrgebiet"]
[Date "2004.04.25"]
[Round "9.5"]
[White "Brockmann, Fabian"]
[Black "Storch, Mary Ann"]
[Result "1-0"]
[WhiteElo "1966"]
[BlackElo "1852"]
[PlyCount "47"]
[EventDate "2003.09.28"]
[EventType "team"]
[EventRounds "9"]
[EventCountry "GER"]
[SourceTitle "EXT 2007"]
[Source "ChessBase"]
[SourceDate "2006.11.23"]
[SourceVersion "1"]
[SourceVersionDate "2006.11.23"]
[SourceQuality "1"]
[WhiteTeam "Dortmund Hansa III"]
[BlackTeam "Wattenscheid IV"]
[WhiteTeamCountry "GER"]
[BlackTeamCountry "GER"]

1. e4 e6 2. d4 d5 3. Nc3 Nf6 4. Bg5 Be7 5. e5 Ne4 6. Nxe4 dxe4 7. Bxe7 Qxe7 8. Qd2 c5 9. 0-0-0 0-0 10. Qe3 Nc6 11. Qxe4 Nxd4 12. Bd3 g6 13. Nf3 Nxf3 14. gxf3 Bd7 15. h4 Bc6 16. Qe3 b5 17. h5 c4 18. Be4 Bxe4 19. fxe4 c3 20. Qxc3 Rac8 21. Qh3 Qc7 22. Rd2 Rfe8 23. f4 a5 24. Rg2 1-0